| 000 | 01313nam a2200349Ia 4500 | ||
|---|---|---|---|
| 001 | sjds57517020 | ||
| 003 | sjds | ||
| 005 | 20170518141751.0 | ||
| 008 | 050128t20052004ohua j 000 1 spa d | ||
| 020 | _a0769640702 (pbk.) | ||
| 024 | 3 | _a9780769640709 (pbk.) | |
| 024 | 1 | _a087577917702 | |
| 040 |
_aBKX _cBKX _dBKX _dBAKER _dJTJ |
||
| 041 | 1 |
_aspa _heng |
|
| 082 | 0 | 4 |
_a[E] _222 |
| 100 | 1 |
_aWilliams, Julia, _d1965- |
|
| 240 | 1 | 0 |
_aMy dentist is not a monster. _lSpanish. |
| 245 | 1 | 0 |
_aMi dentista no es un monstruo / _cde Julia Moffatt ; ilustraciones de Anni Axworthy. |
| 260 |
_aColumbus, OH : _bGingham Dog Press, _c2005, c2004. |
||
| 300 |
_a32 p. : _bcol. ill. ; _c23 cm. |
||
| 440 | 0 |
_aLectores relámpago. _nNivel 2, _pLector emergente. |
|
| 500 | _aTranslation of My dentist is not a monster. | ||
| 520 | _aDanny is afraid to visit the dentist for a check-up after his older brother says that the dentist is a monster who lives in a cave. Includes vocabulary words and discussion questions. | ||
| 546 | _aText in Spanish. | ||
| 650 | 0 |
_aDentists _vJuvenile fiction. |
|
| 650 | 0 |
_aFear _vJuvenile fiction. |
|
| 650 | 1 | _aSpanish language materials. | |
| 650 | 7 |
_aOdontologiá _vNovela juvenil. _2bidex. |
|
| 650 | 7 |
_aMiedo _vNovela juvenil. _2bidex. |
|
| 700 | 1 | _aAxworthy, Ann. | |
| 942 | _cBK | ||
| 999 |
_c17307 _d17307 |
||